LEADER 00907nam a22002291i 4500 001 991000155459707536 005 20040726152305.0 008 040802s1992 fr |||||||||||||||||fre 035 $ab13183771-39ule_inst 035 $aARCHE-113638$9ExL 040 $aBiblioteca Interfacoltà$bita$cA.t.i. Arché s.c.r.l. Pandora Sicilia s.r.l. 245 00$aPrimitivismes /$ctextes réunis par Bernard Mouralis 260 $a[S.l. :$bs.n.],$c1992 300 $a1 v. ;$c24 cm 440 0$aRevue des sciences humaines ;$v227 700 1 $aMouralis, Bernard$eauthor$4http://id.loc.gov/vocabulary/relators/aut$0443637 907 $a.b13183771$b02-04-14$c05-08-04 912 $a991000155459707536 945 $aLE002 SP 001/227$g1$i2002000377036$lle002$o-$pE0.00$q-$rl$so $t0$u0$v0$w0$x0$y.i13824995$z05-08-04 996 $aPrimitivismes$91450896 997 $aUNISALENTO 998 $ale002$b05-08-04$cm$da $e-$ffre$gfr $h0$i1